000 00823nas a2200253 4500
001 BR7405936
003 BR-BrBNA
005 20231205082739.0
007 ta
008 230509b bl.|||p| |||| 00| 00por d
040 _aBR-BrBNA
_bpor
_cBiblioteca Nacional de Agricultura
041 _a(Pt)
072 _aF25; F22
100 1 _aAnghinoni, I.
100 1 _aBohnen, H.
245 1 _aAvaliacao da disponibilidade do fosforo para os solos do Rio Grande do Sul [Fertilidade do solo; Quimica do solo; Brasil]
_bParte de tese
650 _aFertilidade do solo
650 _aQuimica do solo
650 _aFosforo
650 _aRio Grande do Sul
773 0 _tAgronomia Sulriograndense (Brazil)
_xISSN 0400-8111
_g(1974), v. 10(1) p. 127-136
_wBR7405936
909 _a202311
_bLúcia
_c55
_dLúcia Elande
942 _2AGRIS
_n0
_cANA
999 _c93992
_d93992